Genome-wide analysis in Hevea brasiliensis laticifers revealed species-specific post-transcriptional regulations of several redox-related genes (Record no. 59902)

MARC details
000 -LEADER
fixed length control field 00679nam a2200229Ia 4500
100 ## - MAIN ENTRY--AUTHOR NAME
Personal name Zang Y
245 #0 - TITLE STATEMENT
Title Genome-wide analysis in Hevea brasiliensis laticifers revealed species-specific post-transcriptional regulations of several redox-related genes
260 ## - PUBLICATION, DISTRIBUTION, ETC. (IMPRINT)
Name of publisher Scientific Reports
Year of publication 2019
500 ## - GENERAL NOTE
General note Source Year: 2019
650 ## - SUBJECT ADDED ENTRY--TOPICAL TERM
Topical Term Genome analysis
650 ## - SUBJECT ADDED ENTRY--TOPICAL TERM
Topical Term Hevea brasiliensis
700 ## - ADDED ENTRY--PERSONAL NAME
Personal name Hu S
700 ## - ADDED ENTRY--PERSONAL NAME
Personal name Leclercq J
700 ## - ADDED ENTRY--PERSONAL NAME
Personal name Montoro P
700 ## - ADDED ENTRY--PERSONAL NAME
Personal name Ortega-Abboud E
700 ## - ADDED ENTRY--PERSONAL NAME
Personal name Pointet S
700 ## - ADDED ENTRY--PERSONAL NAME
Personal name Tang C
700 ## - ADDED ENTRY--PERSONAL NAME
Personal name Wu S
856 ## - ELECTRONIC LOCATION AND ACCESS
Uniform Resource Identifier doi.org/10.1038/s41598-019-42197-8
942 ## - ADDED ENTRY ELEMENTS (KOHA)
Koha item type Journals
Holdings
Withdrawn status Lost status Damaged status Not for loan Home library Current library Shelving location Date acquired Serial Enumeration / chronology Koha item type
      Journals RRII Library RRII Library Biotechnology 17/12/2021 Volume 9, Issue 5701 Journals